[Event "Stay Safe Play From Home 262"]
[Site "Emanuel Lasker Arena"]
[Date "2020.06.29"]
[Round "5"]
[White "Lamborghini"]
[Black "Bardellosport"]
[Result "1-0"]
[WhiteElo "2201"]
[BlackElo "2006"]
[Annotator "TA"]
[PlyCount "59"]
[EventDate "2020.06.29"]
[EventType "swiss (blitz)"]

{[%evp 9,59,27,42,36,45,29,38,15,31,10,23,12,18,8,16,12,33,18,60,-42,-42,-41,-40,-71,72,71,193,193,170,157,288,0,-11,-14,-35,-79,0,0,37,-11,125,72,106,118,29988,361,355,351,354,341,29997,29998]} 1. e4 d6 2. d4 g6 3. Nc3 Bg7 4. Be3 Nc6 5. d5 Ne5 6. f4 {B06: Modern Defence.} Nd7 7. Qd2 Ngf6 8. O-O-O {White is slightly better.} O-O 9. Nf3 c6 {[#]} 10. dxc6 $146 ({Predecessor:} 10. h3 cxd5 11. exd5 Qa5 12. Nd4 Nxd5 13. Nxd5 Qxd5 14. c4 Qc5 15. Ne6 Qc6 16. Nxf8 Nxf8 {0-1 (34) Izbosarov,M (1958)-Biryukov,D (2305) Saratov 2013}) 10... bxc6 11. e5 dxe5 12. fxe5 Ng4 13. e6 $1 $36 {[%cal Re6d7][%mdl 2048] White fights for an advantage.} fxe6 14. Bd4 ({Only move:} 14. Bc4 $14 Kh8 15. Bxe6 Nxe3 16. Qxe3) 14... e5 15. Bc4+ Kh8 16. Bg1 {[#]} Qc7 (16... Rxf3 $1 $17 {[%mdl 512] stays on course.} 17. gxf3 Bh6 18. fxg4 Bxd2+ 19. Rxd2 Qf8) 17. Ng5 $16 {[%mdl 1024] White has strong compensation.} Ndf6 (17... Nb6 $16 18. Bb3 Bh6) 18. h3 $1 $18 {[%cal Rh3g4]} Nh6 19. g4 Nhg8 (19... Rb8 $16 {might work better.} 20. Be3 Rb4) 20. Ne6 $2 (20. Nf7+ $18 Rxf7 21. Bxf7) 20... Bxe6 $1 $11 21. Bxe6 Rad8 22. Qe2 {[#]} Rxd1+ ({Black should play} 22... Nd5 $1 $17 {[%cal Rd5f4][%mdl 512] ...Nf4 is the strong threat.} 23. Nxd5 cxd5) 23. Nxd1 e4 24. Bd4 Qb7 (24... Qf4+ $11 25. Kb1 Nd5 26. Bxg7+ Kxg7) 25. Rf1 ({White should try} 25. g5) 25... h6 26. h4 Nd5 $2 {[%mdl 8192]} (26... Qb8 $16) 27. Bxg7+ $2 (27. Rxf8 {mates} Ndf6 28. Bxf6 exf6 29. Rxg8+ Kh7 30. Qxe4 Qb5 31. Bf7 f5 {[#]} 32. Qe8 $1 {[%mdl 512]}) 27... Kxg7 $18 28. Rxf8 Kxf8 29. Qxe4 Ngf6 $2 (29... Kg7 $18 30. Qd4+ Kh7) 30. Qxg6 {Accuracy: White = 60%, Black = 29%.} 1-0

[Event "Stay Safe Play From Home 262"]
[Site "Emanuel Lasker Arena"]
[Date "2020.06.29"]
[Round "5"]
[White "Souchov"]
[Black "Little champs"]
[Result "1-0"]
[WhiteElo "1972"]
[BlackElo "2250"]
[Annotator "TA"]
[PlyCount "61"]
[EventDate "2020.06.29"]
[EventType "swiss (blitz)"]

{[%evp 9,61,36,29,27,40,39,45,52,59,51,48,41,34,40,44,48,177,173,177,172,172,172,172,168,287,300,313,269,538,539,608,602,702,686,682,554,929,924,872,576,608,537,580,483,506,505,505,498,504,475,500,497,567,516]} 1. e4 c6 2. d4 d5 3. Nd2 dxe4 4. Nxe4 Nf6 5. Nxf6+ exf6 6. c3 {B15: Caro-Kann: 3 Nc3: 3...g6 and 3...dxe4 4 Nxe4 Nf6 5 Nxf6+ exf6.} Be7 7. Bd3 O-O 8. Qc2 {White is slightly better.} h6 9. Nf3 c5 {[#]} 10. O-O $146 ({Predecessor:} 10. Be3 Nd7 11. O-O cxd4 12. Nxd4 Ne5 13. Be4 Ng4 14. Bf4 Bd6 15. Bxd6 Qxd6 {1-0 (38) Tseshkovsky,V (2540)-Zangiev,P Novorossijsk 1996}) 10... Nc6 {[%cal Rc5d4]} 11. dxc5 Bxc5 12. Bf4 Bd6 ({Black should try} 12... Be6 $14) 13. Rad1 Bxf4 14. Bh7+ {[%mdl 64] [#] Discovered Attack} Kh8 {aiming for ...Qa5.} 15. Rxd8 Rxd8 16. Bf5 Be6 (16... Bxf5 {is a better defense.} 17. Qxf5 Be5) 17. Bxe6 $18 fxe6 18. Nh4 {[#] Strongly threatening Ng6+.} Bg5 $2 (18... Bc7 {keeps fighting.} 19. Ng6+ Kg8) 19. Ng6+ {White is clearly winning.} Kg8 20. f4 Kf7 21. fxg5 hxg5 22. Qe4 Rd6 23. Ne5+ Nxe5 24. Qxe5 Rad8 25. Qe3 b6 26. h3 Ke7 27. Re1 e5 28. Re2 Rd3 29. Qf2 Rd1+ 30. Kh2 Rb1 31. Re1 {Black got outplayed after the opening. Accuracy: White = 91%, Black = 40%.} 1-0

[Event "Stay Safe Play From Home 262"]
[Site "Emanuel Lasker Arena"]
[Date "2020.06.29"]
[Round "5"]
[White "Justwatch"]
[Black "Haris kollari 13"]
[Result "0-1"]
[WhiteElo "1655"]
[BlackElo "1756"]
[Annotator "NA"]
[PlyCount "56"]
[EventDate "2020.06.29"]
[EventType "swiss (blitz)"]

1. e4 {[%emt 0:00:02]} e6 {[%emt 0:00:00]} 2. e5 {[%emt 0:00:01]} d5 {[%emt 0:00:00]} 3. exd6 {[%emt 0:00:01]} cxd6 {[%emt 0:00:01]} 4. Nc3 {[%emt 0:00:00]} d5 {[%emt 0:00:00]} 5. Bb5+ {[%emt 0:00:01]} Nc6 {[%emt 0:00:01]} 6. Bxc6+ {[%emt 0:00:02]} bxc6 {[%emt 0:00:01]} 7. Nf3 {[%emt 0:00:01]} Ba6 {[%emt 0:00:02]} 8. d4 {[%emt 0:00:00]} Bd6 {[%emt 0:00:01]} 9. Bg5 {[%emt 0:00:01]} Ne7 {[%emt 0:00:01]} 10. Bxe7 {[%emt 0:00:01]} Qxe7 {[%emt 0:00:01]} 11. Ne5 {[%emt 0:00:00]} Rc8 {[%emt 0:00:04]} 12. Nf3 {[%emt 0:00:03]} O-O {[%emt 0:00:01]} 13. h3 {[%emt 0:00:01]} c5 {[%emt 0:00:01]} 14. dxc5 {[%emt 0:00:01]} Bxc5 {[%emt 0:00:01]} 15. Qd2 {[%emt 0:00:01]} Rcd8 {[%emt 0:00:02]} 16. Qf4 {[%emt 0:00:01]} Rfe8 {[%emt 0:00:01]} 17. Qg4 {[%emt 0:00:03]} e5 {[%emt 0:00:02]} 18. Ng5 {[%emt 0:00:01]} Bc8 {[%emt 0:00:04]} 19. Qh5 {[%emt 0:00:01]} h6 {[%emt 0:00:01]} 20. Nf3 {[%emt 0:00:02]} e4 {[%emt 0:00:01]} 21. Nd2 {[%emt 0:00:03]} Qf6 {[%emt 0:00:01]} 22. O-O {[%emt 0:00:01]} Ba6 {[%emt 0:00:03]} 23. Nxd5 {[%emt 0:00:03]} Qe6 {[%emt 0:00:05]} 24. Nf4 {[%emt 0:00:02]} Qf6 {[%emt 0:00:04]} 25. Nd5 {[%emt 0:00:03]} Qd4 {[%emt 0:00:02]} 26. Nc7 {[%emt 0:00:03]} Bxf1 {[%emt 0:00:06]} 27. Nxe8 {[%emt 0:00:01]} Qxf2+ {[%emt 0:00:03]} 28. Kh2 {[%emt 0:00:02]} Qxg2# {[%emt 0:00:01] (Lag: Av=0.42s, max=0.5s)} 0-1

[Event "Stay Safe Play From Home 262"]
[Site "Emanuel Lasker Arena"]
[Date "2020.06.29"]
[Round "5"]
[White "Trotsky"]
[Black "Kubas"]
[Result "0-1"]
[WhiteElo "1612"]
[BlackElo "2347"]
[Annotator "TA"]
[PlyCount "38"]
[EventDate "2020.06.29"]
[EventType "swiss (blitz)"]

{[%evp 9,38,11,17,-33,-20,-42,-33,-156,-133,-195,-145,-128,-113,-98,-88,-197,-200,-530,-524,-521,-522,-516,-437,-967,-951,-5214,-5102,-29988,-2566,-29995,-29996]} 1. d4 d6 2. e3 Nf6 3. c4 g6 4. Nc3 Bg7 5. Bd3 O-O 6. Qc2 {E61: King's Indian: Early deviations for White, including Smyslov System.} e5 7. Nf3 exd4 {[#]} 8. Ne4 $146 (8. Nxd4 $15 Na6 9. O-O) ({Predecessor:} 8. Nxd4 Nbd7 9. b4 Ne5 10. Be2 Bg4 11. f3 Bd7 12. Nb3 Be6 13. Nd2 c6 14. Bb2 {1-0 (36) Varela Fernandez,J-Rodriguez,A Infiesto 1997}) 8... Nc6 9. a3 (9. Nxd4 $17 Nxd4 10. Nxf6+ Qxf6 11. exd4) 9... Nxe4 10. Bxe4 dxe3 11. Bxe3 Re8 12. O-O-O (12. O-O $17 {was worth a try.}) 12... Qf6 $19 {[#] Hoping for ...Rxe4!} 13. Ng5 $2 (13. Bd3 {is a better chance.}) 13... h6 14. h4 hxg5 15. hxg5 Qe5 16. Bxg6 (16. Rh4 $142) 16... fxg6 17. Bd4 Nxd4 18. Rde1 Nxc2 (18... Qxg5+ $142 19. Kd1 Bg4+ 20. f3 Nxc2 21. Kxc2 Bf5+ {[%mdl 64] Discovered Attack} 22. Kb3 Qxg2 {[%mdl 64] Double Attack} 23. Rxe8+ Rxe8 24. Rh2 Qxh2 25. Kb4 Qxb2+ 26. Ka5 Qxa3+ {[%mdl 64] Double Attack} 27. Kb5 Bd7#) 19. Kxc2 Bf5+ {Accuracy: White = 17%, Black = 77%.} 0-1

[Event "Stay Safe Play From Home 262"]
[Site "Emanuel Lasker Arena"]
[Date "2020.06.29"]
[Round "5"]
[White "Goofus3"]
[Black "Edmatuag"]
[Result "0-1"]
[WhiteElo "1399"]
[BlackElo "1687"]
[Annotator "NA RC"]
[PlyCount "72"]
[EventDate "2020.06.29"]
[EventType "swiss (blitz)"]

1. d4 {[%emt 0:00:02]} d6 {[%emt 0:00:02]} 2. Nf3 {[%emt 0:00:00]} g6 {[%emt 0:00:01]} 3. g3 {[%emt 0:00:00]} Nf6 {[%emt 0:00:00]} 4. Bg2 {[%emt 0:00:01]} Bg7 {[%emt 0:00:01]} 5. O-O {[%emt 0:00:00]} Bd7 {[%emt 0:00:01]} 6. Nbd2 {[%emt 0:00:00]} O-O {[%emt 0:00:01]} 7. c4 {[%emt 0:00:00]} b5 {[%emt 0:00:01]} 8. b4 {[%emt 0:00:00]} bxc4 {[%emt 0:00:01]} 9. Nxc4 {[%emt 0:00:01]} Bb5 {[%emt 0:00:02]} 10. Nb2 {[%emt 0:00:03]} a6 {[%emt 0:00:03]} 11. a4 {[%emt 0:00:00]} Bc6 {[%emt 0:00:02]} 12. Nd3 {[%emt 0:00:01]} Be4 {[%emt 0:00:01]} 13. Bb2 {[%emt 0:00:04]} Ra7 {[%emt 0:00:01]} 14. Ng5 {[%emt 0:00:02]} Bxg2 {[%emt 0:00:02]} 15. Kxg2 {[%emt 0:00:00]} d5 {[%emt 0:00:01]} 16. Nf3 {[%emt 0:00:01]} Nbd7 {[%emt 0:00:01]} 17. Nfe5 {[%emt 0:00:00]} Nxe5 {[%emt 0:00:03]} 18. Nxe5 {[%emt 0:00:00]} Ne4 {[%emt 0:00:01]} 19. Nc6 {[%emt 0:00:01]} Qa8 {[%emt 0:00:03]} 20. Nxa7 {[%emt 0:00:01]} Qxa7 {[%emt 0:00:00]} 21. f3 {[%emt 0:00:01]} Nd6 {[%emt 0:00:02]} 22. b5 {[%emt 0:00:03]} Nf5 {[%emt 0:00:02]} 23. b6 {[%emt 0:00:03]} cxb6 {[%emt 0:00:03]} 24. Qd3 {[%emt 0:00:01]} a5 {[%emt 0:00:04]} 25. Ba3 {[%emt 0:00:03]} Rc8 {[%emt 0:00:03]} 26. Qd1 {[%emt 0:00:01]} Ne3+ {[%emt 0:00:02]} 27. Kh3 {[%emt 0:00:05]} Nxd1 {[%emt 0:00:00]} 28. Rfxd1 {[%emt 0:00:01]} e6 {[%emt 0:00:00]} 29. e4 {[%emt 0:00:02]} Rc4 {[%emt 0:00:01]} 30. exd5 {[%emt 0:00:02]} exd5 {[%emt 0:00:00]} 31. Rdb1 {[%emt 0:00:02]} Qc7 {[%emt 0:00:01]} 32. Rg1 {[%emt 0:00:00]} Rc2 {[%emt 0:00:01]} 33. Kg4 {[%emt 0:00:01]} Qd7+ {[%emt 0:00:02]} 34. Kf4 {[%emt 0:00:03]} Qf5+ {[%emt 0:00:02]} 35. Ke3 {[%emt 0:00:00]} Bh6+ {[%emt 0:00:01]} 36. f4 {[%emt 0:00:05]} Qe4# {[%emt 0:00:01] (Lag: Av=0.59s, max=0.9s)} 0-1

[Event "Stay Safe Play From Home 262"]
[Site "Emanuel Lasker Arena"]
[Date "2020.06.29"]
[Round "5"]
[White "Mandy"]
[Black "Klasman"]
[Result "0-1"]
[WhiteElo "955"]
[BlackElo "1278"]
[Annotator "NA RC"]
[PlyCount "32"]
[EventDate "2020.06.29"]
[EventType "swiss (blitz)"]

1. d4 {[%emt 0:00:03]} f5 {[%emt 0:00:03]} 2. Bf4 {[%emt 0:00:00]} Nf6 {[%emt 0:00:01]} 3. e3 {[%emt 0:00:01]} e6 {[%emt 0:00:01]} 4. Nf3 {[%emt 0:00:01]} d5 {[%emt 0:00:01]} 5. h3 {[%emt 0:00:01]} c5 {[%emt 0:00:01]} 6. c3 {[%emt 0:00:03]} Nc6 {[%emt 0:00:02]} 7. Bd3 {[%emt 0:00:01]} Ne4 {[%emt 0:00:02]} 8. Nbd2 {[%emt 0:00:01]} Bd6 {[%emt 0:00:03]} 9. Ne5 {[%emt 0:00:04]} cxd4 {[%emt 0:00:03]} 10. cxd4 {[%emt 0:00:07]} Bxe5 {[%emt 0:00:05]} 11. Bxe5 {[%emt 0:00:03]} Qa5 {[%emt 0:00:04]} 12. Qc2 {[%emt 0:00:06]} Nxe5 {[%emt 0:00:07]} 13. dxe5 {[%emt 0:00:03]} O-O {[%emt 0:00:03]} 14. O-O {[%emt 0:00:04]} Nxd2 {[%emt 0:00:03]} 15. Qxd2 {[%emt 0:00:04]} Qxd2 {[%emt 0:00:03]} 16. Rad1 {[%emt 0:00:09]} Qxb2 {[%emt 0:00:01] Zeit (Lag: Av=0.47s, max=0.6s)} 0-1

[Event "Stay Safe Play From Home 262"]
[Site "Emanuel Lasker Arena"]
[Date "2020.06.29"]
[Round "6"]
[White "Mepe_Nika"]
[Black "Souchov"]
[Result "1-0"]
[WhiteElo "2473"]
[BlackElo "2000"]
[Annotator "TA"]
[PlyCount "107"]
[EventDate "2020.06.29"]
[EventType "swiss (blitz)"]

{[%evp 14,106,25,23,26,11,17,13,76,0,13,0,7,-18,-15,-28,-11,-17,-14,-16,-14,-14,22,0,0,0,0,0,4,0,0,0,19,0,0,0,0,-8,0,0,0,-39,0,0,0,0,26,8,113,116,123,108,113,95,364,273,29973,29973,5824,5756,29983,1562,29984,29985,29986,29986,29986,29987,29987,29979,29978,29979,29978,29980,29979,29980,29982,29981,29987,29985,29991,29985,29994,29995,29995,29996,29996,29997,29997,29997,29997,29997,29998,29999,29999]} 1. d4 Nf6 2. Bf4 g6 3. e3 Bg7 4. h3 O-O 5. Nf3 d6 6. Be2 Nbd7 7. O-O Qe8 8. Bh2 b6 {A48: 1 d4 Nf6 2 Nf3 g6: Torre, London and Colle Systems.} 9. c4 Bb7 10. Nc3 e5 (10... Ne4 $11) 11. b4 (11. Nb5 $16) 11... Ne4 $11 12. Nxe4 Bxe4 {[#]} 13. dxe5 $146 ({Predecessor:} 13. Rc1 f5 14. c5 f4 15. c6 Nf6 16. dxe5 dxe5 17. Bc4+ Kh8 18. Ng5 Bf5 19. Qb3 {0-1 (33) Ramirez Gonzalez,M (1790)-Salazar Gould,M (1976) San Jose 2020}) 13... Nxe5 14. Nxe5 Bxe5 15. Bxe5 Qxe5 16. Bf3 Bxf3 17. Qxf3 Rae8 18. Rac1 Qe4 19. Qxe4 Rxe4 {[%mdl 4096] Endgame KRR-KRR} 20. Rfd1 Rfe8 21. Kf1 R8e7 22. Ke2 Kg7 23. Rd3 f5 24. f3 R4e5 25. g4 Kf6 26. Rcc3 f4 27. e4 g5 (27... a5 {seems wilder.} 28. a3 h5 29. Rc1 Rh7 30. Rd2 g5) 28. Rd5 Rxd5 29. cxd5 {KR-KR} Ke5 30. Kd3 {Black should prevent Ra3.} Rd7 (30... h5 $11) 31. Ra3 $16 h5 32. Rxa7 hxg4 {[#] ...g3 is the strong threat.} 33. hxg4 Kf6 $2 {[%mdl 8192] This costs Black the game.} (33... Rh7 $16 {was worth a try.}) 34. a4 Ke7 $2 (34... Rh7 $18 35. a5 bxa5) 35. a5 bxa5 36. bxa5 Kd8 37. a6 (37. Ra8+ $142 Ke7 38. a6 c5 39. dxc6 Rc7 40. a7 Rxc6 41. Rh8 Ra6 42. a8=Q) 37... Ke7 38. Ra8 {White mates.} c5 39. dxc6 Rc7 40. a7 Rxc6 {[#]} 41. Re8+ $1 {[%mdl 576] Decoy, Clearance, Promotion} Kxe8 42. a8=Q+ {[%mdl 64] Double Attack. KQ-KR} Kd7 43. Qb7+ Rc7 44. Qb5+ {[%mdl 64] Double Attack} Ke6 45. Qxg5 Rf7 46. Kd4 Rf6 47. e5 Ke7 48. Qxf6+ Kd7 49. Qxd6+ Kc8 50. Qe7 Kb8 51. Qd7 Ka8 52. e6 Kb8 53. e7 {[%cal Re7e8]} Ka8 54. e8=Q# {Accuracy: White = 81%, Black = 55%.} 1-0

[Event "Stay Safe Play From Home 262"]
[Site "Emanuel Lasker Arena"]
[Date "2020.06.29"]
[Round "6"]
[White "Broken sword"]
[Black "Uber_WING"]
[Result "0-1"]
[WhiteElo "2470"]
[BlackElo "2472"]
[Annotator "TA"]
[PlyCount "84"]
[EventDate "2020.06.29"]
[EventType "swiss (blitz)"]

{[%evp 20,83,22,20,22,25,44,58,52,40,165,33,65,8,12,12,11,0,25,18,23,19,16,0,0,0,0,0,31,19,127,71,109,119,120,123,135,118,128,93,85,87,185,207,194,180,185,0,0,0,0,0,0,0,165,-29990,-29991,-29991,-29992,-29992,-29993,-29994,-29995,-29995,-29996,-29999]} 1. d4 Nf6 2. c4 c5 3. e3 e6 4. Nf3 d5 5. Nc3 Nc6 6. cxd5 exd5 7. Be2 Be6 8. O-O Be7 9. dxc5 Bxc5 10. b3 O-O 11. Bb2 Re8 {[#] D32: Tarrasch Defence: Sidelines and lines without g3.} 12. Na4 $146 ({Predecessor:} 12. Rc1 Qe7 13. Nb5 Red8 14. Bxf6 gxf6 15. Bd3 Ne5 16. Nxe5 fxe5 17. Qh5 h6 18. Qxe5 a6 19. Qg3+ {1-0 (35) Narayanan,S (2535)-Piyush,K (1567) Ahmedabad 2020}) 12... Be7 13. Rc1 Rc8 {White is slightly better.} 14. Nc5 Qb6 (14... Nd7 $14 15. Nxe6 fxe6) 15. Nd3 ({White must play} 15. Nxe6 $18 fxe6 16. Ng5) 15... Red8 16. Nde5 (16. Nf4 $14) 16... Ne4 $11 17. Nxc6 bxc6 18. Bd3 (18. Nd4 {is interesting.} Bd7 19. Bd3 Bf6 20. Bxe4 dxe4 21. Qc2) 18... Bf6 19. Bxf6 Nxf6 20. Qc2 h6 21. Rfd1 c5 22. h3 Qa5 23. Qb2 c4 24. Bc2 c3 (24... Rc5 $11 {remains equal.}) 25. Qb1 ({White should try} 25. Qa1) 25... Qa3 26. Nd4 Qd6 27. Bd3 Qe5 28. Rc2 Ne4 29. Bxe4 dxe4 {[#]} 30. Rdc1 $1 Rxd4 (30... Bxh3 $16 31. Rxc3 (31. gxh3 Qg5+ 32. Kf1 Qh5 $11) 31... Bd7) 31. exd4 $18 Qxd4 32. Qa1 e3 {And now ...Bf5 would win.} 33. fxe3 $2 (33. Rxc3 $18 exf2+ 34. Kf1) 33... Qxe3+ $11 34. Kh2 {[%cal Rc2c3]} Qf4+ 35. Kh1 Bd5 $36 {[%mdl 2048] Black has good play.} 36. Rxc3 Re8 $2 (36... Bxg2+ $1 $11 {and Black is okay.} 37. Kxg2 Qg5+ 38. Kh1 Qd5+ 39. Kg1 Qd4+ 40. Kh1 Qd5+ 41. Kh2 Qd2+ 42. Kg1 Qg5+ 43. Kf2 Qd2+ 44. Kf3 (44. Kg1 Qd4+ 45. Kh2 Qd2+ 46. Kg3 Qg5+ 47. Kf2 Qd2+ 48. Kg3 Qg5+ 49. Kf2 $11) 44... Qd5+ 45. Kg3 Qd6+ 46. Kg2 Qd2+ 47. Kg1 Qg5+ 48. Kh1 Qd5+) 37. Rd1 $4 {[%mdl 8192] [#]} (37. R1c2 $18) 37... Bxg2+ $1 {[%mdl 512] Black mates.} 38. Kg1 (38. Kxg2 Re2+) 38... Re2 39. Rc8+ Kh7 40. Qb1+ Be4 41. Qxe4+ Qxe4 {[%csl Ge2][%cal Re4g2]} 42. Rc2 Qg2# {Accuracy: White = 66%, Black = 60%.} 0-1

[Event "Stay Safe Play From Home 262"]
[Site "Emanuel Lasker Arena"]
[Date "2020.06.29"]
[Round "6"]
[White "Kubas"]
[Black "Lamborghini"]
[Result "1-0"]
[WhiteElo "2347"]
[BlackElo "2209"]
[Annotator "TA"]
[PlyCount "79"]
[EventDate "2020.06.29"]
[EventType "swiss (blitz)"]

{[%evp 16,78,26,22,21,-23,0,0,0,-11,0,-35,-34,-28,7,0,0,0,0,-93,-92,-81,-72,-87,-77,-90,0,-80,-91,-170,123,119,84,67,64,58,42,45,216,207,164,75,230,198,171,79,90,58,62,0,0,-201,107,32,280,260,207,169,12829,12827,12838,12838,29999,29999,29999]} 1. d4 Nf6 2. c4 g6 3. Nc3 Bg7 4. e4 d6 5. Nf3 O-O 6. h3 e5 7. d5 a5 8. Be3 {8.Be3 is a critical line. Played by Quang Liem Le in May 2020.} Na6 9. g4 Nd7 {E90: King's Indian: Classical: Early deviations and 6 h3.} 10. Nd2 Ndc5 11. a3 Bd7 {The position is equal.} 12. Rg1 a4 13. Qc2 c6 14. O-O-O {[#]} cxd5 $146 ({Predecessor:} 14... Qa5 15. Kb1 Rfc8 16. h4 cxd5 17. exd5 Nc7 18. Bxc5 Qxc5 19. Nde4 Qb6 20. h5 Na6 {½-½ (72) Ovetchkin,R (2556)-Tihonov,J (2460) St Petersburg 2009}) 15. exd5 Rc8 16. Kb1 f5 17. g5 (17. f3 $11) 17... f4 $17 {Threatens to win with ...Bf5.} 18. Bxc5 Nxc5 19. Nde4 Nxe4 20. Nxe4 b5 (20... Bf5 $17 {aiming for ...b5!} 21. Qd3 Qb6) 21. c5 (21. Nxd6 $11 {remains equal.} bxc4 22. Bxc4 (22. Nxc8 $2 Bf5 $19)) 21... dxc5 22. d6 (22. h4 $17 {might work better.}) 22... Bf5 $2 ({Better is} 22... f3 $1 $19 23. Nc3 c4) 23. Bxb5 $16 c4 24. Bxc4+ Kh8 25. f3 Qb6 {Strongly threatening ...Be6!} 26. Qxa4 Bxe4+ $2 (26... Qe3 $14 27. Qb3 Bxe4+ 28. fxe4 Qxe4+ 29. Bd3 Qa8) 27. fxe4 $18 Rb8 {[%csl Gb8][%cal Rb6b2]} 28. Qb4 (28. Rg2 $1 $18 {has better winning chances.}) 28... Qf2 $2 (28... Qc6 $16 {was called for.} 29. Bd5 Qa6) 29. Qd2 Qc5 {[#]} 30. Ba2 (30. Qd3 $1 $18) 30... Qxa3 $16 31. d7 $36 {[%mdl 2048] White has good play.} Rfd8 {next ...Rxd7 is good for Black.} 32. Ka1 ({White should try} 32. Rg2 $14) 32... Qa7 $11 33. Qd5 $2 (33. Qd6 $1 $11 {and White has nothing to worry.}) 33... Ra8 $2 {[#]} ({Black should play} 33... Rb7 $19 {[%cal Rb7d7]} 34. Kb1 Rbxd7) 34. Rg2 (34. Rgf1 $1 $16) 34... Rxd7 $2 (34... Qa4 $1 $14 35. b3 Qa7) 35. Qxa8+ $1 $18 Qxa8 {[%cal Rd7d1]} 36. Rxd7 h5 $2 (36... Qa5) 37. gxh6 {[%mdl 64] Discovered Attack} Bxh6 38. Rxg6 {[%cal Rg6h6]} Qxe4 39. Rxh6+ Qh7 40. Rhxh7# {Accuracy: White = 52%, Black = 44%.} 1-0

[Event "Stay Safe Play From Home 262"]
[Site "Emanuel Lasker Arena"]
[Date "2020.06.29"]
[Round "6"]
[White "little champs"]
[Black "Hetou"]
[Result "0-1"]
[WhiteElo "2222"]
[BlackElo "2401"]
[Annotator "TA"]
[PlyCount "36"]
[EventDate "2020.06.29"]
[EventType "swiss (blitz)"]

{[%evp 13,36,31,40,27,92,89,93,90,129,132,126,104,110,116,111,117,115,89,125,119,140,125,142,147,137]} 1. d4 d5 2. e3 Nf6 3. Nf3 g6 4. Be2 Bg7 5. O-O O-O 6. c4 c6 7. Nc3 Bg4 8. cxd5 {D94: Grünfeld: 4 Nf3 Bg7 5 e3.} Bxf3 (8... cxd5 $11 9. Qb3 b6) 9. Bxf3 $16 ({Much worse is} 9. gxf3 cxd5 10. b3 Nc6 $11) 9... cxd5 10. Qb3 {[%cal Rc3d5] White is better.} e6 11. Qxb7 Nbd7 12. Qb3 Rb8 13. Qc2 Qa5 14. Bd2 {And now Nxd5 would win.} Rfc8 15. Rac1 Nb6 16. b3 Qa3 17. Qb1 Ne8 18. Nb5 Qe7 {[%mdl 32768] Black did not feel at home in the position after the opening. Accuracy: White = 100%, Black = 72%. . Loss on time!?} 0-1

[Event "Stay Safe Play From Home 262"]
[Site "Emanuel Lasker Arena"]
[Date "2020.06.29"]
[Round "6"]
[White "Lazieri3"]
[Black "Praveen prasad"]
[Result "1-0"]
[WhiteElo "2069"]
[BlackElo "2243"]
[Annotator "TA"]
[PlyCount "105"]
[EventDate "2020.06.29"]
[EventType "swiss (blitz)"]

{[%evp 9,105,6,17,18,33,16,29,22,32,15,22,5,22,2,5,6,17,0,0,-29,86,0,10,10,19,12,11,-16,-12,-19,-10,-13,-10,-10,-10,-19,-19,-103,-122,-127,-2,-5,0,0,0,0,0,0,0,0,0,0,0,-8,0,0,0,0,44,0,0,0,0,2,40,36,44,44,52,0,18,-186,-171,-198,-177,-494,-494,-685,-685,-649,-630,-733,-99,-472,-470,-446,-446,-683,-212,-572,-222,-663,-152,-466,-332,-521,-295,-418]} 1. e4 d5 2. Nc3 dxe4 3. Nxe4 Nf6 4. Nxf6+ exf6 5. Nf3 Be7 6. d4 {A00: Irregular Openings.} O-O {[#]} 7. Be3 $146 (7. Bd3 {seems wilder.} c5 8. O-O Be6 9. c3 Nc6 10. Qc2) ({Predecessor:} 7. Be2 Bg4 8. O-O Nd7 9. b3 c5 10. d5 Qc7 11. c4 Bd6 12. h3 Bh5 13. Bb2 Rae8 14. Re1 Re4 15. Nd2 Bxe2 16. Rxe2 Rh4 17. Nf3 Rh5 18. Qd3 Ne5 19. Nxe5 fxe5 20. Rae1 {½-½ (20) Karlsson,U (1959)-Haubro,S (2175) Ballerup 2014}) 7... Re8 8. Bd3 {White has an edge.} Nd7 9. O-O Nf8 10. h3 Be6 11. c3 c6 12. Qc2 Ng6 13. Rfe1 Qd7 14. Nh2 Nh4 (14... Bd6 $11 {remains equal.}) 15. Bf4 ({White should try} 15. Bxh7+ $16 Kh8 16. Bd3) 15... Ng6 16. Bg3 Bd6 17. Bxd6 Qxd6 18. Bxg6 hxg6 19. Nf3 g5 20. Re2 g4 21. hxg4 Bxg4 22. Qd3 Qd5 23. Rae1 (23. Rxe8+ $11 Rxe8 24. Nd2) 23... Rxe2 $17 24. Rxe2 Bxf3 (24... Qxa2 $17 25. b4 Qa3) 25. Qxf3 $11 Qxf3 26. gxf3 $17 {[%mdl 4096] Endgame KR-KR} Kf8 27. Kf1 Rd8 28. Ke1 Rd5 29. Re3 Rh5 30. Ke2 Rh1 31. Kd3 Ra1 32. a3 Rf1 33. Re2 g5 34. c4 Rc1 35. d5 cxd5 36. cxd5 f5 37. Kd4 Rd1+ 38. Ke5 f4 39. Re4 (39. d6 $14) 39... Rd3 40. Rd4 $2 (40. d6 $11 {and White has nothing to worry.}) 40... Rxf3 $19 41. d6 {[#] Threatening mate with d7.} Ke8 42. Kf6 $2 (42. Rd2 {is more resistant.}) 42... g4 43. Kf5 g3 44. fxg3 fxg3+ 45. Kg4 {[#]} Rb3 $2 (45... g2 $1 $19 {[%mdl 512] ( -> ...Rf1)} 46. Kxf3 g1=Q) 46. Re4+ $2 {[%mdl 8192]} (46. d7+ $17 Kd8 47. Rd2) 46... Kd7 47. Re2 {If White can now play Rd2 this consolidates a bit.} Kxd6 48. Kh3 (48. Kf4 $142 b5 49. Rc2) 48... Rb5 $2 (48... f5 {...Kd5 is the strong threat.} 49. a4 Kd5) 49. Kg2 $2 (49. Kxg3 {nothing else works.} a6 50. Kf4) 49... f5 $2 (49... Re5 50. Rd2+ Rd5) 50. Rd2+ $2 (50. Kxg3 Re5 51. Rf2) 50... Kc6 $2 (50... Rd5 $19 {has better winning chances.} 51. Rc2 Rd3) 51. Rc2+ $2 (51. Kxg3 $17 {was the crucial defense.} Kc5 52. Rc2+ Kb6 53. b4) 51... Kb6 52. Re2 (52. Kxg3 $142 Ka5 53. b4+ Ka4 54. Rc3) 52... a5 53. Re6+ {[%mdl 32768] Accuracy: White = 42%, Black = 64%. . Loss on time!?} (53. Kxg3 {keeps fighting.} Kc5 54. Rc2+ Kd4 55. Kf4) 1-0